Философия права: учебник

Bibliographic Details
Other Authors: Байрачная Л. Д. Людмила Даниловна (редактор), Данильян О. Г. Олег Геннадьевич, Дзебань А. П. Александр Петрович, Жданенко С. Б. Светлана Борисовна, Максимов С. И. Сергей Иванович, Мануйлов Е. Н. Евгений Николаевич, Колесников М. П. Михаил Петрович, Мозалевский В. Т. Владимир Тихонович, Данильян О. Г.
Summary:В учебнике освещается содержание, назначение и историческое развитие философии права, а также основные ее разделы: правовая онтология, правовая антропология, правовая аксиология и т.п. Значительное место в работе уделено анализу современных философско-правовых доктрин, а также философским проблемам права и власти в переходных обществах. Для студентов, аспирантов и преподавателей юридических вузов и факультетов, а также для тех, кто интересуется философско-правовыми проблемами.
Language:Russian
Published: Москва, Эксмо, 2006
Series:Российское юридическое образование
Subjects:
Format: Book
KOHA link:https://koha.lib.tpu.ru/cgi-bin/koha/opac-detail.pl?biblionumber=110182

MARC

LEADER 00000nam0a2200000 4500
001 110182
005 20231101214922.0
010 |a 5699087052 
035 |a (RuTPU)RU\TPU\book\118990 
090 |a 110182 
100 |a 20070219d2006 m y0rusy50 ca 
101 0 |a rus 
102 |a RU 
105 |a y j 001zy 
200 1 |a Философия права  |e учебник  |f Л. Д. Байрачная [и др.]  |g под ред. О. Г. Данильяна 
210 |a Москва  |c Эксмо  |d 2006 
215 |a 416 с. 
225 1 |a Российское юридическое образование 
320 |a Терминологический словарь: с. 379-412. 
330 |a В учебнике освещается содержание, назначение и историческое развитие философии права, а также основные ее разделы: правовая онтология, правовая антропология, правовая аксиология и т.п. Значительное место в работе уделено анализу современных философско-правовых доктрин, а также философским проблемам права и власти в переходных обществах. Для студентов, аспирантов и преподавателей юридических вузов и факультетов, а также для тех, кто интересуется философско-правовыми проблемами. 
606 1 |a Государство и право  |x Теория  |2 stltpush  |3 (RuTPU)RU\TPU\subj\8388  |9 35806 
610 1 |a право 
610 1 |a философия 
610 1 |a теория 
610 1 |a методология 
610 1 |a история 
610 1 |a Древний мир 
610 1 |a античность 
610 1 |a средние века 
610 1 |a Западная Европа 
610 1 |a философско-правовые учения 
610 1 |a 15 век 
610 1 |a 16 век 
610 1 |a 17 век 
610 1 |a 18 век 
610 1 |a 19 век 
610 1 |a 20 век 
610 1 |a философско-правовая мысль 
610 1 |a Россия 
610 1 |a правовая онтология 
610 1 |a правовая антропология 
610 1 |a правовая аксикология 
610 1 |a ценности 
610 1 |a правосознание 
610 1 |a власть 
610 1 |a учебники 
686 |a Х0я73  |v LBC/SL-A  |2 rubbk 
701 1 |a Байрачная  |b Л. Д.  |g Людмила Даниловна 
701 1 |a Данильян  |b О. Г.  |g Олег Геннадьевич 
701 1 |a Дзебань  |b А. П.  |g Александр Петрович 
701 1 |a Жданенко  |b С. Б.  |g Светлана Борисовна 
701 1 |a Максимов  |b С. И.  |g Сергей Иванович 
701 1 |a Мануйлов  |b Е. Н.  |g Евгений Николаевич 
701 1 |a Колесников  |b М. П.  |g Михаил Петрович 
701 1 |a Мозалевский  |b В. Т.  |g Владимир Тихонович 
702 1 |a Данильян  |b О. Г.  |4 340 
801 1 |a RU  |b 63413507  |c 20070219  |g PSBO 
801 2 |a RU  |b 63413507  |c 20230315  |g PSBO 
942 |c BK 
959 |a 20/20070219  |d 2  |e 141,54  |f АНЛ:1  |f ЧЗГЛ:1